Apprendre couleurs en néerlandais - Statistiques

Statistiques générales
  • Ce quiz a été pris 118 fois
  • Le résultat moyen est 9 sur 14
Statistiques - réponses
Français Néerlandais % Correct
Noir Zwart
88%
Orange Oranje
86%
Blanc Wit
85%
Couleur Kleur
84%
Bleu Blauw
81%
Rouge Rood
78%
Gris Grijs
77%
Vert Groen
77%
Marron Bruin
60%
Jaune Geel
59%
Rose Roze
51%
Violet Paars
48%
Argenté Zilver
26%
Doré Goud
19%
Aucun quiz correspondant
Distribution des résultats
% des personnes avec chaque résultat
Percentile par nombre de réponses
Votre historique - résultats
Vous n’avez pas pris ce quiz